Fernsehen - Statistiken

Allgemein
  • Dieses Quiz wurde 583 mal gespielt
  • Das Durchschnittsergebnis liegt bei 23 aus 42
Antwortstatistiken
Sender % Korrekt
RTL - Radio Television Luxembourg
99%
ZDF - Zweites Deutsches Fernsehen
98%
Das Erste - ARD
97%
Sat 1
93%
Pro 7
92%
RTL 2
87%
NDR - Norddeutscher Rundfunk
82%
VOX
82%
SWR - Südwestrundfunk / SR - Saarländischer Rundfunk
79%
WDR - Westdeutscher Rundfunk
79%
Kabel 1
78%
Super RTL
78%
BR - Bayerischer Rundfunk
75%
ARTE
73%
MDR - Mitteldeutscher Rundfunk
73%
KIKA - Kinderkanal
72%
HR - Hessischer Rundfunk
60%
N-TV
58%
Sport 1
58%
EuroSport
57%
3sat
54%
RBB - Rundfunk Berlin-Brandenburg
52%
ZDF neo
52%
DMAX
48%
N24
48%
SIXX
48%
RTL Nitro
45%
Sat 1 Gold
45%
Tele 5
45%
Phoenix
44%
ORF - Österreichische Rundfunk
39%
Pro 7 Maxx
39%
ZDF Info
39%
Disney Channel
31%
QVC
23%
Eins Festival
18%
Tagesschau 24
18%
ZDF Kultur
18%
Eins Plus
13%
HSE 24
13%
SRF - Schweizer Rundfunk
13%
Deutsches Musikfernsehen
2%
Keine übereinstimmenden Quizze gefunden
Verteilung der Resultate
Anzahl Personen mit jedem Resultat
Perzentil nach korrekt beantworteten Fragen
Ihre Resultats-Entwicklung
Sie haben dieses Quiz noch nicht gespielt